000 00415nam a2200145Ia 4500
008 191206s9999 xx 000 0 und d
020 _a1779220243
090 _aMLCS02302P
245 0 _aMasimba: Nyaya pfupi
250 _aNew rev. ed.
260 _aWeaver Press
260 _cc2004
300 _a"x, 159 p. ; 20 cm."
999 _c16452
_d16452